Financie 2003

Banky. Poisťovne. Komodity. Lízing. Tradingové modely. Kapitálový trh.

Gespeichert in:
Bibliographische Detailangaben
Format: Buchkapitel
Sprache:Slowakisch
Schlagworte:
Tags: Tag hinzufügen
Keine Tags, Fügen Sie das erste Tag hinzu!

MARC

LEADER 00000naa$a2200000$$$4500
001 0003616
005 20230921115034.5
041 0 |a slo 
044 |a SK 
245 1 0 |a Financie 2003 
520 |a Banky. Poisťovne. Komodity. Lízing. Tradingové modely. Kapitálový trh. 
610 2 0 |a banky 
610 2 0 |a poisťovne 
610 2 0 |a komodity 
610 2 0 |a lízing 
610 2 0 |a trh kapitálový